| 000 | 00426nam a2200133 a 4500 | ||
|---|---|---|---|
| 001 | 4411 | ||
| 003 | CDMR | ||
| 005 | 20130522131121.0 | ||
| 008 | 130130s2002||||||||||||||||||||||||||||d | ||
| 040 |
_aCDMR _bcat _cCPC GIRONA |
||
| 245 | 4 | _aEls valors en els continguts dels programes televisius adreçats als infants i els joves | |
| 260 |
_c2002 _bFòrum d'entitats de persones usuaries de l'Audiovisual – CAC |
||
| 942 |
_cFULLET _2udc |
||
| 999 |
_c4411 _d4411 |
||